One death is too many (Record no. 110592)
[ view plain ]
| 000 -LEADER | |
|---|---|
| fixed length control field | 00962cad a22002415a 4500 |
| 001 - CONTROL NUMBER | |
| control field | E149665 |
| 008 - FIXED-LENGTH DATA ELEMENTS--GENERAL INFORMATION | |
| fixed length control field | 100406s2009 xxk f f000 0 eng d |
| 020 ## - INTERNATIONAL STANDARD BOOK NUMBER | |
| International Standard Book Number | 9780101765725 |
| 035 ## - SYSTEM CONTROL NUMBER | |
| System control number | (Sirsi) u149665 |
| 041 0# - LANGUAGE CODE | |
| Language code of text/sound track or separate title | eng |
| 100 2# - MAIN ENTRY--PERSONAL NAME | |
| Personal name | Donaghy, Rita |
| 240 ## - UNIFORM TITLE | |
| Uniform title | Rita Donaghy report |
| 245 00 - TITLE STATEMENT | |
| Title | One death is too many |
| Remainder of title | inquiry into the underlying causes of construction fatal accidents |
| Medium | [electronic resource] |
| 260 ## - PUBLICATION, DISTRIBUTION, ETC. | |
| Place of publication, distribution, etc. | Kew |
| Name of publisher, distributor, etc. | OPSI |
| Date of publication, distribution, etc. | 2009 |
| 490 #0 - SERIES STATEMENT | |
| Series statement | Cm |
| Volume/sequential designation | 7657 |
| 520 ## - SUMMARY, ETC. | |
| Summary, etc. | Presents the results of an inquiry into the causes of fatal accidents in the construction industry, which was carried out at the behest of the Secretary of State for Work and Pensions. Makes recommendations for future actions. |
| 521 ## - TARGET AUDIENCE NOTE | |
| Target audience note | Advanced |
| 590 ## - LOCAL NOTE (RLIN) | |
| Local note | KA |
| 651 #4 - SUBJECT ADDED ENTRY--GEOGRAPHIC NAME | |
| Geographic name | United Kingdom |
| Chronological subdivision | |
| 690 ## - LOCAL SUBJECT ADDED ENTRY--TOPICAL TERM (OCLC, RLIN) | |
| Topical term or geographic name as entry element | Health and safety |
| 9 (RLIN) | 6244 |
| 856 40 - ELECTRONIC LOCATION AND ACCESS | |
| Uniform Resource Identifier | <a href="https://www.dwp.gov.uk/docs/one-death-is-too-many.pdf">https://www.dwp.gov.uk/docs/one-death-is-too-many.pdf</a> |
| Public note | View the report free of charge at www.dwp.gov.uk |
| 942 ## - ADDED ENTRY ELEMENTS (KOHA) | |
| Suppress in OPAC | 0 |
| Withdrawn status | Lost status | Source of classification or shelving scheme | Damaged status | Not for loan | Home library | Current library | Shelving location | Date acquired | Total Checkouts | Full call number | Barcode | Date last seen | Copy number | Price effective from | Koha item type |
|---|---|---|---|---|---|---|---|---|---|---|---|---|---|---|---|
| Dewey Decimal Classification | Virtual | Virtual | Online | 06/04/2010 | ONLINE PUBLICATION | 149665-2001 | 06/08/2019 | 1 | 06/08/2019 | Book |